000 01019nam0a2200277 4500
001 RU\NLR\bibl\1673598
005 20260406081824.0
010 _a978-5-91315-574-0
_910000
021 _aRU
_b2010-60262
_93947
035 _a(NLR Aleph) 001664841
090 _a1004507
_c1004507
100 _a20100913d2010 |||y0rusy50 ca
101 0 _arus
102 _aRU
105 _aa |||||||||
200 1 _aПодружки
_e[для чтения взрослыми детям
_fхудож.: С. Михайлов]
210 _aМосква
_cДетский мир
_d2010
215 _a[8] с., [2] л. цв. наклеек
_cцв. ил.
_d24
225 1 _aКнижка с наклейками
225 1 _aДля малышей
702 1 _4440
_8rus
_7ca
_aМихайлов
_bС. В.
_cдетский писатель, иллюстратор
_gСергей Викторович
_3RU\NLR\auth\7746675
_929610
801 0 _aRU
_bNLR
_c20100913
_gRCR
801 1 _aRU
_bNLR
_c20100913
942 _cBOOK
980 _aNB